Leadership theory and practice
Uložené v:
| Hlavný autor: | |
|---|---|
| Médium: | Kniha |
| Jazyk: | English |
| Vydavateľské údaje: |
Los Angeles
SAGE Publications
2016
|
| Vydanie: | 7th ed. |
| Predmet: | |
| Tagy: |
Žiadne tagy, Buďte prvý, kto otaguje tento záznam!
|
MARC
| LEADER | 00000nam a2200000 4500 | ||
|---|---|---|---|
| 001 | 0211996 | ||
| 005 | 20221107101020.6 | ||
| 020 | |a 978-1-4833-1753-3 | ||
| 020 | |a 978-1-5063-1116-6 | ||
| 041 | 0 | |a eng | |
| 044 | |a US | ||
| 245 | 1 | 0 | |a Leadership |b theory and practice |c Peter G. Northouse |
| 250 | |a 7th ed. | ||
| 264 | 1 | |a Los Angeles |b SAGE Publications |c 2016 | |
| 300 | |a 494 s. | ||
| 610 | 2 | 0 | |a lídri |
| 610 | 2 | 0 | |a vodcovstvo |
| 610 | 2 | 0 | |a pracovníci riadiaci |
| 610 | 2 | 0 | |a zručnosti |
| 610 | 2 | 0 | |a správanie |
| 610 | 2 | 0 | |a etika |
| 610 | 2 | 0 | |a kultúra |
| 610 | 2 | 0 | |a adaptácia |
| 610 | 2 | 0 | |a teória a prax |
| 100 | 1 | |a Northouse, Peter G. | |